Kanada
Hlavné ekonomické ukazovatele Kanady. Zahraničný obchod. Daňový systém a štátny rozpočet. Slovensko-kanadská obchodná výmena. Technická pomoc kanadskej vlády Slovensku. Vzťah kanadských podnikateľských inštitúcií k SR. Postavenie Slovenska v obchode krajín CEFTA s Kanadou. Osobitosti kanadskej obcho...
Guardado en:
| Autor principal: | |
|---|---|
| Formato: | Capítulo de libro |
| Lenguaje: | eslovaco |
| Materias: | |
| Etiquetas: |
Sin Etiquetas, Sea el primero en etiquetar este registro!
|
MARC
| LEADER | 00000naa a2200000 4500 | ||
|---|---|---|---|
| 001 | r021556 | ||
| 005 | 20230921075147.2 | ||
| 041 | 0 | |a slo | |
| 044 | |a SK | ||
| 245 | 1 | 0 | |a Kanada |c J. Horský |
| 520 | |a Hlavné ekonomické ukazovatele Kanady. Zahraničný obchod. Daňový systém a štátny rozpočet. Slovensko-kanadská obchodná výmena. Technická pomoc kanadskej vlády Slovensku. Vzťah kanadských podnikateľských inštitúcií k SR. Postavenie Slovenska v obchode krajín CEFTA s Kanadou. Osobitosti kanadskej obchodnej politiky. | ||
| 610 | 2 | 0 | |a Kanada |
| 610 | 2 | 0 | |a hospodárstvo národné |
| 610 | 2 | 0 | |a obchod zahraničný |
| 610 | 2 | 0 | |a CEFTA |
| 610 | 2 | 0 | |a Slovensko |
| 610 | 2 | 0 | |a komodity |
| 610 | 2 | 0 | |a štruktúra vývozu |
| 610 | 2 | 0 | |a štruktúra dovozu |
| 610 | 2 | 0 | |a politika obchodná |
| 610 | 2 | 0 | |a bilancia obchodná |
| 610 | 2 | 0 | |a NAFTA |
| 100 | 1 | |a Horský, J. | |